|
|
|
|
| LEADER |
00000nab a2200000uu 4500 |
| 001 |
vtls010886943 |
| 003 |
SK-MaSNL |
| 005 |
20260303135520.0 |
| 008 |
230218|1973 xo |||||||||||||||||slo| |
| 015 |
|
|
|a SNBRB
|
| 035 |
|
|
|a (urnnbn)urn:nbn:sk:snk:ar-003eug
|
| 035 |
|
|
|a (uuid)dcdbdd7b-3c85-4d1c-94f0-ca4dd2d0609d
|
| 035 |
|
|
|a urn:nbn:sk:snk-ab8hrb
|
| 040 |
|
|
|a SNKBUCL
|b slo
|c SNKBUCL
|e AACR2
|
| 041 |
0 |
|
|a slo
|
| 044 |
|
|
|a xo
|c SK
|
| 100 |
1 |
|
|a Adamča, Martin
|4 aut
|9 1156986
|
| 245 |
1 |
0 |
|a VÝSKUM ELEKTRICKEJ VODIVOSTI LEPENÝCH ŠKÁR PRI LEPENÍ DREVA POMOCOU DIELEKTRICKÉHO OHREVU
|c Martin Adamča
|
| 773 |
0 |
|
|t Drevársky výskum : sborník prác z odboru výskumu dreva
|g Roč. 18, č. 4 (1973), s. 251-270
|
| 954 |
|
|
|a odborná, vedecká literatúra pôvodná (slovenská)
|2 lita
|
| 958 |
|
|
|a OND
|
| 958 |
|
|
|a EUIPO
|
| 958 |
|
|
|a article10
|
| 999 |
|
|
|c 1966331
|d 1968261
|